| 000 | 00956cam a2200337 4500 | ||
|---|---|---|---|
| 001 | 3 ABS64765 | ||
| 008 | 011122n2001 000 0 eng u | ||
| 035 | _a(Sirsi) u115677 | ||
| 245 | _aRegional survey: Oxon, Warks & Worcs | ||
| 260 | _c2001 | ||
| 490 |
_aProperty Week _v66(43) 26 October 2001, 63-80(8) |
||
| 590 | _aABS | ||
| 650 | _aOXON | ||
| 650 | _aWARKWICKSHIRE | ||
| 650 | _aWORCESTERSHIRE | ||
| 650 | _aOXFORDSHIRE | ||
| 650 | _aLEAMINGTON SPA | ||
| 650 | _aBANBURY | ||
| 650 | _aNUNEATON | ||
| 650 | _aKIDDERMINSTER | ||
| 650 | _aRUGBY | ||
| 650 | _aABINGDON | ||
| 650 | _aWORCESTER | ||
| 650 | _aREDDITCH | ||
| 650 | _aCOVENTRY | ||
| 650 | _aPROPERTY-COMMERCIAL PROPERTY-OFFICE PROPERTY-OFFICE PROPERTY MARKET | ||
| 650 | _aINDUSTRIAL MARKET | ||
| 650 | _aPROPERTY-COMMERCIAL PROPERTY-RETAIL PROPERTY-RETAIL PROPERTY MARKET | ||
| 690 | _aPROPERTY-COMMERCIAL PROPERTY-COMMERCIAL PROPERTY MARKET | ||
| 942 | _n0 | ||
| 999 |
_c68895 _d68895 |
||